[Event "It (open)"]
[Site "masterchessopen.com Mendrisio (Switzerland)"]
[Round "8"]
[White "Rogers Ian (AUS)"]
[Black "Bellini Fabio (ITA)"]
[Result "1-0"]
[WhiteElo "2535"]
[BlackElo "2504"]

1.d4 d5 2.c4 e6 3.Nf3 Nf6 4.g3 dxc4 5.Bg2 Be7 6.O-O O-O 7.Qc2 a6 8.Qxc4 b5
9.Qc2 Bb7 10.Bg5 Nbd7 11.Nbd2 Rc8 12.Nb3 Be4 13.Qc1 c5 14.dxc5 Nxc5 15.Qe3 Qb6
16.Nxc5 Qxc5 17.Rac1 Qxe3 18.Bxe3 Nd5 19.Bd4 Nb4 20.a3 Nc6 21.Bc5 Bxc5 22.Rxc5
Na5 23.Rfc1 Rxc5 24.Rxc5 Nc4 25.Ne5 Bxg2 26.Nxc4 Ba8 27.Nb6 g6 28.f3 Rb8
29.Nxa8 Rxa8 30.b4 Ra7 31.Rc8+ Kg7 32.Kf2 Kf6 33.g4 Ke7 34.h4 Kd6 35.g5 a5
36.Rc5 axb4 37.axb4 Rb7 38.f4 Rb8 39.Kf3 Kd7 40.Kg4 Ra8 41.Rxb5 Ra3 42.Rb7+
Ke8 43.b5 Kf8 44.b6 Rb3 45.e3 Rxe3 46.Rd7 Rb3 47.b7 Kg7 48.Rc7 h5+ 49.gxh6+
Kxh6 50.Rxf7 Rb4 51.Kf3 Rb5 52.Re7 Rb3+ 53.Ke4 Rb5 54.Rc7 Rb6 55.Kd4 Kh5
56.Kc5 Rb1 57.Rh7+ Kg4 58.Kc6 Kxf4 59.Rh8 Kg4 60.b8=Q {#r} 1-0

[Event "It (w)"]
[Site "masterchessopen.com Naleczow (Poland)"]
[Round "11"]
[White "Kasoshvili Tsiala (GEO)"]
[Black "Jalowiec Halina (POL)"]
[Result "1-0"]
[WhiteElo "2112"]
[BlackElo "2032"]

1.d4 Nf6 2.Nf3 e6 3.c4 d5 4.g3 dxc4 5.Bg2 Be7 6.O-O O-O 7.Qc2 a6 8.a4 Nbd7
9.Nbd2 c5 10.Nxc4 cxd4 11.Rd1 Qc7 12.Bf4 Qc5 13.Nxd4 Nb6 14.Nxb6 Qxb6 15.a5
Qc5 16.Qxc5 Bxc5 17.Nb3 Ba7 18.Bd6 Rd8 19.Bc5 Re8 20.Rd3 e5 21.Bxa7 Rxa7
22.Nc5 h6 23.Rad1 Kf8 24.Rb3 e4 25.Rb6 Bg4 26.f3 exf3 27.exf3 Bc8 28.b4 Ke7
29.Rbd6 Kf8 30.Rb6 Ke7 31.f4 Rd8 32.Re1+ Kf8 33.Nxb7 Re8 34.Rxe8+ Nxe8 35.Nc5
Ke7 36.Kf2 Nd6 37.Bf1 Ne8 38.Bxa6 Bxa6 39.Nxa6 Kd8 40.Kf3 Kd7 41.Nb8+ Kc7
42.Nc6 Ra8 43.Ne5 f6 44.Nc4 Rd8 45.Ke4 g6 46.a6 {#r} 1-0

[Event "Ch Denmark"]
[Site "masterchessopen.com Odense (Denmark)"]
[Round "3"]
[White "Hansen Lars Bo (DEN)"]
[Black "Bjerring Kai (DEN)"]
[Result "1-0"]
[WhiteElo "2455"]
[BlackElo "2298"]

1.d4 Nf6 2.c4 e6 3.Nf3 d5 4.g3 dxc4 5.Bg2 Be7 6.O-O O-O 7.Qc2 c5 8.dxc5 Qa5
9.Qxc4 Qxc5 10.Qxc5 Bxc5 11.Ne5 Bd4 12.Nc4 Nc6 13.Nbd2 Bc5 14.Nb3 Be7 15.Bg5
h6 16.Bxf6 Bxf6 17.Rfd1 Rb8 18.Rac1 b5 19.Nd6 Ne7 20.Rd2 Nf5 21.Ne4 Bd8 22.g4
Nh4 23.Bh1 Bb6 24.Nd6 Bd7 25.Nc5 Be8 26.Be4 f5 27.gxf5 Nxf5 28.Nxe8 Rbxe8
29.Nd7 Rd8 30.Rcd1 Bxf2+ 31.Kxf2 Nd6+ 32.Bf3 Ne4+ 33.Ke3 Nxd2 34.Rxd2 Rfe8
35.Bh5 {#r} 1-0

[Event "It (open)"]
[Site "masterchessopen.com Saint John (Canada)"]
[Round "0"]
[White "Gulko Boris F (USA)"]
[Black "Nickoloff Bryon (CAN)"]
[Result "1-0"]
[WhiteElo "2590"]
[BlackElo "2403"]

1.d4 Nf6 2.c4 e6 3.Nf3 d5 4.g3 Be7 5.Bg2 dxc4 6.O-O O-O 7.Qc2 a6 8.a4 Bd7
9.Qxc4 Bc6 10.Bg5 b5 11.Qc1 bxa4 12.Nc3 a3 13.bxa3 Nbd7 14.Rd1 Rc8 15.Qc2 Qe8
16.e4 Ba8 17.h4 h6 18.Bf4 Ng4 19.Qe2 c5 20.d5 exd5 21.exd5 Bf6 22.Qc2 Qd8
23.Rac1 Nge5 24.Nxe5 Bxe5 25.Bxe5 Nxe5 26.Qf5 Nc4 27.Be4 g6 28.Qf4 Kg7 29.d6
Qf6 30.Qxf6+ Kxf6 31.Bxa8 {#r} 1-0

[Event "Olympiad"]
[Site "masterchessopen.com Salonika (Greece)"]
[Round "0"]
[White "Ehlvest Jaan (USA)"]
[Black "Blatny Pavel (CZE)"]
[Result "1-0"]
[WhiteElo "2580"]
[BlackElo "2490"]

1.d4 Nf6 2.c4 e6 3.Nf3 d5 4.g3 dxc4 5.Bg2 Be7 6.Qa4+ Nbd7 7.Qxc4 c5 8.dxc5
Bxc5 9.O-O Qe7 10.Qc2 O-O 11.Nc3 a6 12.Bf4 h6 13.Rad1 e5 14.Bc1 Nb6 15.Ne4
Nxe4 16.Qxe4 Re8 17.Nh4 Qe6 18.Be3 Bxe3 19.Qxe3 Bd7 20.b3 e4 21.Qd4 Bb5
22.Rfe1 Nd7 23.Bf1 Bc6 24.Ng2 Nf6 25.Ne3 a5 26.Rd2 Qe5 27.Red1 Qxd4 28.Rxd4
Kf8 29.Rd6 Re5 30.Bh3 Ke8 31.Nf5 Kf8 32.Nd4 Rd5 33.Nxc6 bxc6 34.R1xd5 cxd5
35.e3 Ke7 36.Rc6 Ra7 37.Kf1 Ne8 38.Ke1 Nc7 39.Kd2 Ne8 40.Kc3 Rc7 41.Rxc7+ Nxc7
42.Bf1 Kd6 43.b4 axb4+ 44.Kxb4 Ne6 45.a4 d4 46.exd4 Nxd4 47.a5 Nc6+ 48.Kb5 Kc7
49.a6 Ne5 50.h3 Nd3 51.f3 Nf2 52.fxe4 Nxe4 53.a7 Kb7 54.Bg2 f5 55.Kc4 Kxa7
56.Bxe4 fxe4 57.Kd4 Kb6 58.Kxe4 g6 59.Ke5 {#r} 1-0

[Event "It (open)"]
[Site "masterchessopen.com Zurich (Switzerland)"]
[Round "6"]
[White "Kiss Attila (HUN)"]
[Black "Klauser Markus (SUI)"]
[Result "1-0"]
[WhiteElo "2358"]
[BlackElo "2371"]

1.d4 Nf6 2.c4 e6 3.g3 d5 4.Bg2 dxc4 5.Nf3 Be7 6.O-O O-O 7.Ne5 Nc6 8.Nxc6 bxc6
9.Bxc6 Rb8 10.Nc3 Qd6 11.Bg2 Nd5 12.Qa4 Nxc3 13.bxc3 Qa6 14.Qc2 Bb7 15.e4 Bc6
16.Bf4 Bd6 17.Be3 Ba4 18.Qd2 Qb5 19.Rfe1 Qb2 20.Qxb2 Rxb2 21.e5 Be7 22.Bf1 Bb5
23.Rab1 Rxb1 24.Rxb1 c6 25.a4 Ba6 26.f4 Rc8 27.Kf2 Kf8 28.Bg2 Ke8 29.Be4 g6
30.Ke2 Kd7 31.g4 Rh8 32.f5 Kc7 33.Rf1 gxf5 34.gxf5 Bc8 35.f6 Bf8 36.Rg1 Bd7
37.Rg7 Bxg7 38.fxg7 Rg8 39.Bh6 c5 40.Bxh7 Rxg7 41.Bxg7 {#r} 1-0

[Event "Ch Spain (team)"]
[Site "masterchessopen.com Alicante (Spain)"]
[Round "0"]
[White "Romero Holmes Alfonso (ESP)"]
[Black "Rodriguez Orestes (ESP)"]
[Result "0-1"]
[WhiteElo "2430"]
[BlackElo "2403"]

1.d4 Nf6 2.Nf3 e6 3.g3 d5 4.c4 dxc4 5.Bg2 Be7 6.O-O O-O 7.Na3 Qd6 8.Qc2 Qa6
9.Nxc4 Nc6 10.Nce5 Nb4 11.Qxc7 Bd6 12.Qc4 b5 13.Qb3 Bb7 14.Ne1 Bxg2 15.Kxg2
Qb6 16.N5f3 a5 17.Bd2 a4 18.Qd1 Nc6 19.Bg5 Ne4 20.d5 exd5 21.Qxd5 Rfe8 22.Nd3
a3 23.bxa3 Bxa3 24.Be3 Qa6 25.Nde5 Nxe5 26.Nxe5 Nd6 27.Rad1 Re6 28.Bd4 Rc8
29.e3 h6 30.Nd3 Ne4 31.Nf4 Ree8 32.Ba1 Bf8 33.Qb3 Rc4 34.Rd5 b4 35.h4 Qc6
36.Qd3 Rc2 37.Qb5 Qa8 38.Qa5 Rxa2 39.Qxa8 Rexa8 40.Be5 Rc2 41.Rb5 f6 42.Bd4
Rcc8 43.Ra1 Rab8 44.Rxb8 Rxb8 45.Kf3 f5 46.Ke2 Rc8 47.f3 Nd6 48.Ne6 Nb5 49.Ra6
Rb8 50.Be5 Bd6 51.Bb2 g6 52.h5 gxh5 53.Kd3 Bxg3 54.Ng7 Rd8+ 55.Kc4 Nd6+
56.Kxb4 Be1+ 57.Bc3 Rb8+ {#R} 0-1

[Event "Ch Czechoslovakia (corr.)"]
[Site "masterchessopen.com corr."]
[Round "0"]
[White "Cech Pavel (CZE)"]
[Black "Hromada Vaclav (CZE)"]
[Result "1-0"]
[WhiteElo "2369"]
[BlackElo "2065"]

1.d4 d5 2.Nf3 Nf6 3.c4 e6 4.g3 dxc4 5.Bg2 Be7 6.O-O O-O 7.Qc2 a6 8.a4 Nc6
9.Qxc4 Qd5 10.Qd3 Nb4 11.Qd1 Rd8 12.Nc3 Qh5 13.Qb3 Bd7 14.Bg5 Bc6 15.e4 h6
16.Bxf6 gxf6 17.Rad1 Rd7 18.Rd2 Rad8 19.Rfd1 b6 20.d5 exd5 21.Nd4 Bb7 22.Nf5
c5 23.Nxe7+ Rxe7 24.exd5 Rde8 25.h4 Qf5 26.Kh2 Re1 27.Rxe1 Rxe1 28.Qc4 Bc8
29.a5 bxa5 30.Ne4 Bd7 31.Nxc5 Bb5 32.Qd4 Rc1 33.Ne4 Kg7 34.Nd6 Qd7 35.Qf4 Bd3
36.Rxd3 {#r} 1-0

[Event "Ch Europe (team)"]
[Site "masterchessopen.com Haifa (Israel)"]
[Round "0"]
[White "Pergericht Daniel (BEL)"]
[Black "Schinis M (CYP)"]
[Result "1-0"]
[WhiteElo "2285"]
[BlackElo "2205"]

1.d4 Nf6 2.c4 e6 3.g3 d5 4.Nf3 dxc4 5.Bg2 Be7 6.O-O O-O 7.Qc2 Nbd7 8.Rd1 c5
9.dxc5 Qc7 10.Na3 Bxc5 11.Nxc4 b5 12.Bf4 Bxf2+ 13.Kxf2 Qxc4 14.Qxc4 bxc4
15.Ne5 Nd5 16.Nxc4 N7f6 17.Bd6 Re8 18.e4 Ng4+ 19.Kg1 Nde3 20.Nxe3 Nxe3 21.e5
Nxg2 22.Kxg2 Bb7+ 23.Kf2 Rec8 24.Rdc1 f6 25.b4 Kf7 26.Bc7 Bd5 27.a4 a6 28.Rc5
Ra7 29.Rac1 Rb7 30.b5 axb5 31.axb5 Kg6 32.b6 fxe5 33.Ra1 Rf8+ 34.Ke2 e4 35.Ra4
Rf3 36.Rca5 Rc3 37.h3 h5 38.h4 Kf5 39.Ra3 Rxa3 40.Rxa3 g5 41.hxg5 Kxg5 42.Ra8
Kg6 43.Rh8 Kg5 44.Rg8+ Kf5 45.Ke3 e5 46.Re8 Kf6 47.Rd8 Be6 48.Kxe4 Bh3
49.Bxe5+ Ke7 50.Bc7 Bg4 51.Ke5 Bf3 52.Rd6 Bg4 53.Rh6 Kd7 54.Rh7+ Kc6 55.Kf6
Kd5 56.Re7 Bf3 57.Kg5 Bg4 58.Kf4 Bh3 59.Re5+ {#r} 1-0

[Event "Ch Netherlands (corr.)"]
[Site "masterchessopen.com Netherlands"]
[Round "0"]
[White "Van Der Wijk Wim (NED)"]
[Black "Posch Siegfried (AUT)"]
[Result "1-0"]
[WhiteElo "2148"]
[BlackElo "2077"]

1.d4 Nf6 2.c4 e6 3.Nf3 d5 4.g3 dxc4 5.Bg2 Be7 6.O-O O-O 7.Qc2 a6 8.Qxc4 b5
9.Qc2 Bb7 10.Bd2 Be4 11.Qc1 Qc8 12.Be3 Nbd7 13.Nbd2 Bd5 14.Nb3 Ng4 15.Nc5 Nxc5
16.dxc5 Nxe3 17.Qxe3 Qb7 18.Rac1 Bf6 19.b3 b4 20.Rfd1 Bc3 21.Qd3 Be4 22.Ng5
Bxd3 23.Bxb7 Bxe2 24.Bxa8 Bxd1 25.Rxd1 Rxa8 26.Rd7 Bf6 27.Ne4 Bd8 28.c6 Kf8
29.Nc5 Be7 30.Nb7 Rc8 31.Kf1 e5 32.Ke2 {#r} 1-0

[Event "Ch Club"]
[Site "masterchessopen.com Tampere (Finland)"]
[Round "0"]
[White "Paldanius Pekka (FIN)"]
[Black "Nisula Timo (FIN)"]
[Result "1-0"]
[WhiteElo "2265"]
[BlackElo "1964"]

1.d4 Nf6 2.c4 e6 3.g3 d5 4.Bg2 Be7 5.Nf3 dxc4 6.Na3 Nbd7 7.Nxc4 c5 8.O-O O-O
9.Bd2 Nb6 10.Ba5 Qd5 11.Nfe5 Qd8 12.Qb3 cxd4 13.Nxb6 axb6 14.Bxb6 Qd6 15.Nc4
{#r} 1-0

[Event "It (open)"]
[Site "masterchessopen.com Bankja (Bulgaria)"]
[Round "7"]
[White "Mitlashevsky Oleg (RUS)"]
[Black "Manolov Valentin (BUL)"]
[Result "1-0"]
[WhiteElo "2247"]
[BlackElo "1957"]

1.d4 Nf6 2.Nf3 e6 3.g3 d5 4.c4 dxc4 5.Bg2 Be7 6.O-O O-O 7.Qc2 c6 8.a4 a5
9.Qxc4 Qd5 10.Ne5 Qxc4 11.Nxc4 Nbd7 12.Nc3 Ra6 13.e4 Nb6 14.b3 Rd8 15.Rd1 Ne8
16.Be3 Bb4 17.Rac1 Nd6 18.Nxb6 Rxb6 19.d5 Ra6 20.e5 Nf5 21.dxc6 Rxd1+ 22.Rxd1
Nxe3 23.Rd8+ Bf8 24.fxe3 bxc6 25.Rxc8 Rb6 26.Bxc6 Rxb3 27.Be8 g6 28.Rc7 Bb4
29.Bxf7+ {#r} 1-0

[Event "Ch Sweden"]
[Site "masterchessopen.com Goteborg (Sweden)"]
[Round "0"]
[White "Bergstrom Christer (SWE)"]
[Black "Holst Conny (SWE)"]
[Result "1-0"]
[WhiteElo "2376"]
[BlackElo "2164"]

1.Nf3 d5 2.d4 Nf6 3.c4 e6 4.g3 Be7 5.Bg2 dxc4 6.O-O O-O 7.Ne5 Nc6 8.Nxc6 bxc6
9.Na3 Bxa3 10.bxa3 Rb8 11.Qa4 Rb6 12.Qxc4 Ba6 13.Qc2 Qxd4 14.Be3 Rb2 15.Qxc6
Qc4 16.Qxc4 Bxc4 17.Rfc1 Rxa2 18.Rxa2 Bxa2 19.Bxa7 Rd8 20.Rxc7 Rd1+ 21.Bf1 h5
22.f3 Nd5 23.Rc8+ Kh7 24.Kf2 f5 25.Bb8 g5 26.Be5 Ne3 27.Kxe3 Rxf1 28.a4 Rd1
29.Rc7+ Kg6 30.a5 Rd5 31.Bc3 Rd6 32.Bb4 f4+ 33.gxf4 gxf4+ 34.Kf2 Rd4 35.Rb7
Bc4 36.Bc3 Rd6 37.Rg7+ Kh6 38.Rc7 Bb5 39.Be5 Ra6 40.Bxf4+ Kg6 41.Rc5 Be8 42.h4
Ra7 43.Bc7 Kf6 44.Bd8+ Kg6 45.Bb6 Ra8 46.Kg3 Kf6 47.Kf4 Bg6 48.Rg5 Be8 49.Rc5
Bg6 50.Rc6 Be8 51.Bd4+ Ke7 52.Rc7+ Bd7 53.Bc5+ Ke8 54.Bb6 Ke7 55.Ke5 Ra6 56.e4
Ra8 57.f4 Rg8 58.f5 exf5 59.exf5 Ke8 60.f6 {#r} 1-0

[Event "It (open)"]
[Site "masterchessopen.com Lyngby (Denmark)"]
[Round "0"]
[White "Hansen Mads Smith (DEN)"]
[Black "Hyldkrog Lars (DEN)"]
[Result "1-0"]
[WhiteElo "2377"]
[BlackElo "2029"]

1.d4 e6 2.Nf3 d5 3.c4 Nf6 4.g3 dxc4 5.Bg2 Be7 6.O-O O-O 7.Qc2 c5 8.dxc5 Bxc5
9.Qxc4 Bb6 10.Nc3 Nc6 11.Rd1 Qe7 12.Bg5 h6 13.Bxf6 Qxf6 14.Na4 Bc7 15.b4 a6
16.Nc5 e5 17.a3 Bb6 18.Rac1 Rd8 19.Rxd8+ Qxd8 20.e3 Qe7 21.Nd2 Nd8 22.Ndb3 Bf5
23.Qd5 Rb8 24.h4 Bg4 25.Qe4 f5 26.Qd5+ Kh8 27.Nd7 Ba7 28.Nxe5 Nc6 29.Ng6+ {#r}
1-0

[Event "Spartakiada URS (w)"]
[Site "masterchessopen.com Azov (Russia)"]
[Round "3"]
[White "Grabuzova Tatiana (RUS)"]
[Black "Efremova Svetlana (RUS)"]
[Result "1-0"]
[WhiteElo "2336"]
[BlackElo "2179"]

1.d4 d5 2.c4 e6 3.Nf3 Nf6 4.g3 dxc4 5.Bg2 Be7 6.O-O O-O 7.Na3 a6 8.Nxc4 Nbd7
9.Qc2 c5 10.Rd1 Nd5 11.e4 Nb4 12.Qe2 b5 13.Nce5 cxd4 14.a3 d3 15.Qf1 Nxe5
16.Nxe5 Qc7 17.Bf4 Bd6 18.Rac1 Qb8 19.Nxd3 Nxd3 20.Bxd6 Qxd6 21.Qxd3 Qxd3
22.Rxd3 e5 23.Rc5 f6 24.f4 exf4 25.e5 Ra7 26.Bd5+ Kh8 27.e6 fxg3 28.Rdc3 gxh2+
29.Kxh2 Bxe6 30.Bxe6 Re7 31.Rc8 Ree8 32.b4 {#r} 1-0

[Event "It (open)"]
[Site "masterchessopen.com Hania (Greece)"]
[Round "0"]
[White "Tsorbatzoglou Theodoros (GRE)"]
[Black "Tsarouhas Konstantinos (GRE)"]
[Result "1-0"]
[WhiteElo "2220"]
[BlackElo "2205"]

1.d4 d5 2.c4 e6 3.Nf3 Nf6 4.g3 Be7 5.Bg2 dxc4 6.Qa4+ Bd7 7.Qxc4 Bc6 8.O-O O-O
9.Bg5 Nbd7 10.Nc3 h6 11.Bxf6 Bxf6 12.e4 Nb6 13.Qb3 a5 14.a4 Qd7 15.Rfd1 Rfd8
16.h3 g6 17.Nh2 Qe8 18.Ng4 Bg7 19.d5 exd5 20.exd5 Bd7 21.Re1 Qf8 22.Ne5 Qb4
23.Qa2 Bxe5 24.Rxe5 Re8 25.Rae1 Rxe5 26.Rxe5 Nxa4 27.Ne4 Kg7 28.d6 Qxb2
29.Qxb2 Nxb2 30.Re7 Be6 31.dxc7 a4 32.Nc3 a3 33.Bxb7 a2 34.Nxa2 Rxa2 35.Rxe6
Ra1+ 36.Kg2 Rc1 37.Rc6 {#r} 1-0

[Event "It (open)"]
[Site "masterchessopen.com Palma de Majorca (Spain)"]
[Round "0"]
[White "Verat Laurent (FRA)"]
[Black "Galiana Juan Ramon (ESP)"]
[Result "0-1"]
[WhiteElo "2338"]
[BlackElo "2236"]

1.d4 Nf6 2.c4 e6 3.g3 d5 4.Bg2 dxc4 5.Nf3 Be7 6.O-O O-O 7.Qc2 a6 8.Qxc4 b5
9.Qc2 Bb7 10.Bf4 Nc6 11.Rd1 Nb4 12.Qc1 Nbd5 13.Nc3 Rc8 14.Bg5 Nxc3 15.bxc3 c5
16.Qb2 Qc7 17.Bf4 Qa5 18.Bd2 cxd4 19.cxd4 Qa3 20.Rdb1 Bd5 21.Ne1 Rc4 22.e3
Rfc8 23.Bf1 Ra4 24.Nc2 Qxb2 25.Rxb2 Ne4 26.Be1 Ng5 27.Bg2 Nf3+ 28.Kh1 g5
29.Nb4 Be4 30.Nd3 Ba3 31.Rb3 Bd5 32.Ne5 Nxe1 33.Rxe1 Bxb3 34.axb3 Bb4 35.Rb1
Ra2 36.Nc6 Bf8 37.Rc1 Kg7 38.Kg1 Rb2 {#R} 0-1

[Event "It (open)"]
[Site "masterchessopen.com Pereira (Colombia)"]
[Round "0"]
[White "Araque Rafael (COL)"]
[Black "Alzate Dario (COL)"]
[Result "0-1"]
[WhiteElo "2263"]
[BlackElo "2365"]

1.d4 Nf6 2.c4 e6 3.g3 d5 4.Bg2 dxc4 5.Nf3 Be7 6.O-O O-O 7.Ne5 Nc6 8.Nxc6 bxc6
9.Bxc6 Rb8 10.Bg2 Qd7 11.e3 Ba6 12.Qc2 Nd5 13.a3 Rfd8 14.Nc3 c5 15.Nxd5 exd5
16.Rd1 Bb5 17.a4 Bc6 18.dxc5 Rb4 19.Bd2 Bxa4 20.Qc1 Rbb8 21.Ba5 Bxd1 22.Bxd8
Rxd8 23.Qxd1 Bxc5 24.Qc2 g6 25.b3 Rc8 26.Rd1 cxb3 27.Qxb3 d4 28.exd4 Bxd4
29.Bd5 Bb6 30.Qf3 Rc2 31.Rf1 Rd2 32.Bb3 Kg7 33.Qc3+ Qd4 34.Qxd4+ Bxd4 35.Kg2
Rb2 36.Ba4 f5 37.h3 Kf6 38.Kf3 h5 39.Bd1 a5 40.h4 Rd2 41.Be2 a4 42.Rd1 Rxd1
43.Bxd1 a3 44.Bb3 Bb6 45.Ke2 Ke5 46.f3 Ba5 47.Ba2 Kd4 48.Be6 Bc7 49.f4 Kc3
50.Bf7 Bb6 51.Bg8 Kb2 52.Kd3 Bf2 53.Ke2 Bxg3 54.Ke3 Bxh4 55.Kd4 Bf6+ 56.Kc5 h4
{#R} 0-1

[Event "Ch Hungary (team) 1992/93"]
[Site "masterchessopen.com Hungary"]
[Round "0"]
[White "Fogarasi Tibor (HUN)"]
[Black "Almasi Zoltan (HUN)"]
[Result "1-0"]
[WhiteElo "2404"]
[BlackElo "2470"]

1.d4 Nf6 2.c4 e6 3.g3 d5 4.Nf3 dxc4 5.Bg2 Be7 6.Qa4+ Nbd7 7.Qxc4 O-O 8.O-O a6
9.a4 b5 10.Qd3 Rb8 11.axb5 axb5 12.Bf4 Bb7 13.Ra7 Be4 14.Qb3 Bd6 15.Nc3 Bxf3
16.Bxf3 Bxf4 17.gxf4 Nb6 18.e3 Nc4 19.Qc2 Qd7 20.Rc1 Nd6 21.Ne2 Nfe8 22.Ng3
Qe7 23.Qc5 b4 24.Bc6 Qh4 25.Qg5 Qxg5 26.fxg5 Rb6 27.Ra8 f6 28.h4 Kf7 29.Rc5
Ke7 30.e4 Nb7 31.Rxe8+ Rxe8 32.Bxe8 Nxc5 33.dxc5 Ra6 34.Bb5 Ra5 35.Bd3 Rxc5
36.gxf6+ gxf6 37.Kf1 Rc1+ 38.Ke2 c5 39.Kd2 Rg1 40.Bf1 Kd6 41.Ke3 b3 42.Kf4 c4
43.Bxc4 Rb1 44.e5+ fxe5+ 45.Ke3 Rxb2 46.Ne4+ Ke7 47.Nd2 Rc2 48.Bxb3 Rc3+
49.Ke4 Kf6 50.Bd1 h6 51.Be2 Ra3 52.Bd3 Ra4+ 53.Kf3 Ra3 54.Ke3 Ra1 55.Ne4+ Kf5
56.f3 Re1+ 57.Kf2 Ra1 58.Ng3+ Kf6 59.Ne4+ Kf7 60.Ng3 Ra2+ 61.Ne2 Ra3 62.Be4
Ra2 63.Bd3 Ra3 64.Ke3 Ra4 65.Be4 Ra3+ 66.Kd2 Ra2+ 67.Bc2 Ra3 68.Nc3 Ra1 69.Nd1
Ra8 70.Ne3 h5 71.Nc4 Kf6 72.Ke3 Rd8 73.Nd2 Rc8 74.Ne4+ Ke7 75.Bd3 Rf8 76.Kf2
Rd8 77.Be2 Rd4 78.Kg3 Kf7 79.Bf1 Rb4 80.Bh3 Rb6 81.Nc5 Rd6 82.Ne4 Rb6 83.Kf2
Rb2+ 84.Ke3 Rb3+ 85.Kd2 Ke7 86.Ng5 {#r} 1-0

[Event "It (open)"]
[Site "masterchessopen.com Las Vegas (USA)"]
[Round "0"]
[White "Gurevich Dmitry (USA)"]
[Black "De La Garza Arturo (MEX)"]
[Result "1-0"]
[WhiteElo "2490"]
[BlackElo "2211"]

1.d4 d5 2.c4 e6 3.Nf3 Nf6 4.g3 Be7 5.Bg2 dxc4 6.O-O O-O 7.Qc2 a6 8.a4 Nbd7
9.Nbd2 c5 10.dxc5 Nxc5 11.Nxc4 Bd7 12.Nfe5 Rc8 13.a5 Bb5 14.Nb6 Rc7 15.Rd1 Nd3
16.Nec4 Nb4 17.Qb3 Bxc4 18.Nxc4 Rd7 19.Bg5 Nc6 20.Bxc6 bxc6 21.Nb6 Rxd1+
22.Rxd1 Qc7 23.Qc4 Rd8 24.Rxd8+ Qxd8 25.Kg2 h6 26.Bxf6 Bxf6 27.Qxa6 Bxb2
28.Qc8 {#r} 1-0

[Event "It (open)"]
[Site "masterchessopen.com Pinneberg (Germany)"]
[Round "2"]
[White "Nicolosi Tino (GER)"]
[Black "Schroeder Raymond (GER)"]
[Result "0-1"]
[WhiteElo "2100"]
[BlackElo "2001"]

1.Nf3 Nf6 2.d4 d5 3.c4 e6 4.g3 dxc4 5.Bg2 Be7 6.O-O O-O 7.Nc3 c5 8.e4 cxd4
9.Nxd4 e5 10.Ndb5 Nc6 11.Nd5 a6 12.Nbc3 b5 13.Be3 Rb8 14.a4 b4 15.Nxf6+ Bxf6
16.Nd5 Nd4 17.a5 Bd7 18.f4 Nb3 19.Bb6 Qe8 20.Rb1 Bb5 21.f5 Kh8 22.h4 Bd8
23.Qg4 g6 24.f6 Rg8 25.Qg5 Nxa5 26.Bxa5 Bxa5 27.Ne7 Bb6+ 28.Kh1 Bd4 29.Nxg8
Qxg8 30.h5 gxh5 31.Qxh5 Qg6 32.Rf5 Rg8 33.Qh4 Qxg3 34.Qxg3 Rxg3 35.Kh2 Rg6
36.Bf3 Bd7 37.Ra1 Bxf5 38.exf5 Rg8 39.Rxa6 Bxb2 40.Ra7 Rf8 41.Bd5 Bd4 42.Rxf7
Rxf7 43.Bxf7 e4 44.Bxc4 Bxf6 45.Kg3 Be5+ 46.Kf2 Bd4+ 47.Ke2 Kg7 48.Bd5 e3
49.Kf3 Kf6 50.Be6 h5 51.Ke2 h4 52.Kf3 h3 53.Bc4 Kxf5 54.Bd3+ Ke5 55.Kg3 b3
56.Kxh3 b2 57.Kg3 e2 {#R} 0-1

[Event "It (open)"]
[Site "masterchessopen.com Sailauf (Germany)"]
[Round "9"]
[White "Schell Walter (GER)"]
[Black "Hofstetter Hans-Joachim Dr (GER)"]
[Result "0-1"]
[WhiteElo "2150"]
[BlackElo "2234"]

1.d4 Nf6 2.c4 e6 3.g3 d5 4.Bg2 Be7 5.Nf3 dxc4 6.O-O c5 7.Qa4+ Nbd7 8.dxc5 O-O
9.Qxc4 Bxc5 10.b4 Be7 11.a3 a5 12.b5 Nb6 13.Qc2 Bd7 14.Qd3 Qe8 15.a4 Nxa4
16.Rxa4 Bxb5 17.Rc4 Bxc4 18.Qxc4 b5 19.Qd3 b4 20.Ne5 Rd8 21.Qa6 Nd5 22.Nc6 Ra8
23.Nxe7+ Qxe7 24.Qc4 a4 25.Nd2 Rac8 26.Qa6 Nc3 27.Bf3 Na2 28.Nc4 Qc5 29.Nb6
Nxc1 30.Nxc8 Rxc8 31.Qxa4 b3 32.Qa1 Qc2 33.Bb7 b2 34.Qa6 Rf8 {#R} 0-1

[Event "It \"]
[Site "masterchessopen.com New York (USA)"]
[Round "0"]
[White "Orlov Georgi (USA)"]
[Black "Pupols Viktors (USA)"]
[Result "1-0"]
[WhiteElo "2479"]
[BlackElo "2155"]

1.d4 d5 2.c4 e6 3.Nf3 Nf6 4.g3 dxc4 5.Bg2 Be7 6.O-O O-O 7.Ne5 Nd5 8.Nxc4 Nc6
9.Nc3 Nb6 10.Nxb6 axb6 11.e3 e5 12.dxe5 Nxe5 13.Nd5 Be6 14.f4 Bxd5 15.Bxd5 c6
16.Bb3 Nd3 17.Qe2 Nxc1 18.Raxc1 Bc5 19.Kh1 Qe7 20.e4 Rad8 21.Rcd1 Rxd1 22.Rxd1
Rd8 23.e5 Rxd1+ 24.Qxd1 Qe8 25.Kg2 Be7 26.f5 c5 27.Bd5 Bg5 28.Qh5 Qd7 29.Qf3
Kf8 30.e6 Qc7 31.exf7 Qe5 32.b3 b5 33.h4 Be3 34.Be6 Qb2+ 35.Kh3 Qf2 36.Qxb7
Qf1+ 37.Qg2 Qxg2+ 38.Kxg2 b4 39.Kf3 Bd2 40.Ke2 Bc3 41.g4 h6 42.g5 hxg5 43.hxg5
Bb2 44.Kd3 Bd4 45.a4 bxa3 46.b4 Bf2 47.b5 Bh4 48.g6 Bg3 49.Bc4 Ke7 50.Ke4 {#r}
1-0

[Event "Oberliga Baden 1992/93"]
[Site "masterchessopen.com Germany"]
[Round "0"]
[White "Wirthensohn Heinz (SUI)"]
[Black "Scherer Helmut (GER)"]
[Result "1-0"]
[WhiteElo "2359"]
[BlackElo "2293"]

1.d4 Nf6 2.Nf3 d5 3.c4 e6 4.g3 dxc4 5.Bg2 Be7 6.Qa4+ Nbd7 7.Qxc4 O-O 8.O-O c5
9.dxc5 Bxc5 10.Nc3 a6 11.Ne4 b5 12.Nxf6+ Qxf6 13.Qc2 Qg6 14.Qxg6 hxg6 15.Rd1
Ra7 16.Bf4 f6 17.Rac1 e5 18.Bd2 a5 19.Be1 Bb6 20.Nh4 Kh7 21.Be4 f5 22.Bc6 b4
23.Nf3 e4 24.Ng5+ Kh6 25.Ne6 Rf6 26.Bd5 Ba6 27.Bd2+ e3 28.Bxe3+ Bxe3 29.fxe3
Bxe2 30.Rd4 g5 31.Re1 Bf3 32.h4 g4 33.Ng5 Bxd5 34.Rxd5 Nb6 35.Rb5 Na4 36.e4
fxe4 37.Rxe4 Nxb2 38.Re8 g6 39.Rh8+ {#r} 1-0

[Event "It (open)"]
[Site "masterchessopen.com Nis (Yugoslavia)"]
[Round "0"]
[White "Vaulin Alexander (RUS)"]
[Black "Govedarica Radovan (SRB)"]
[Result "1-0"]
[WhiteElo "2500"]
[BlackElo "2389"]

1.c4 Nf6 2.g3 e6 3.Bg2 d5 4.Nf3 Be7 5.d4 dxc4 6.Qa4+ Nbd7 7.Qxc4 a6 8.Qc2 O-O
9.Nc3 c5 10.O-O Ra7 11.dxc5 Bxc5 12.Na4 Be7 13.Nd4 Nd5 14.Bxd5 exd5 15.Be3 Ra8
16.Rfd1 Bf6 17.Qb3 Qa5 18.Rac1 Re8 19.Nf5 d4 20.Nd6 Rf8 21.Bxd4 Qh5 22.Nxc8
Raxc8 23.Rxc8 Rxc8 24.Qxb7 Re8 25.Qxd7 Rd8 26.Qc6 Qxe2 27.Nc3 Qc2 28.Kg2 h5
29.Bxf6 Rxd1 30.Qa8+ Kh7 31.Nxd1 {#r} 1-0

[Event "It"]
[Site "masterchessopen.com Podgorica (Yugoslavia)"]
[Round "12"]
[White "Vaulin Alexander (RUS)"]
[Black "Ivanovic Bozidar (MNE)"]
[Result "1-0"]
[WhiteElo "2500"]
[BlackElo "2470"]

1.c4 e6 2.g3 d5 3.Bg2 Nf6 4.Nf3 Be7 5.d4 dxc4 6.Nc3 O-O 7.Ne5 Qd6 8.Nxc4 Qa6
9.Qb3 Nc6 10.e3 Rb8 11.O-O b5 12.Nd2 Na5 13.Qc2 c5 14.dxc5 Bxc5 15.Nce4 Be7
16.Nxf6+ Bxf6 17.Ne4 Be7 18.Bd2 Nc4 19.Bc3 Bb7 20.b3 Na3 21.Qb2 f6 22.Bd4 Rbc8
23.Rac1 e5 24.Nc5 Bxc5 25.Bxb7 Qxb7 26.Bxc5 Nc4 27.bxc4 Rxc5 28.cxb5 Rxb5
29.Qc3 h5 30.Rfd1 Rb2 31.Rc2 Rxc2 32.Qxc2 Qf7 33.h4 Rb8 34.a4 Qb7 35.Qf5 Qc6
36.a5 Qe8 37.Qd7 a6 38.Qxe8+ Rxe8 39.Rd6 Ra8 40.Kg2 Kf7 41.Kf3 Ke7 42.Rb6 Ra7
43.Ke4 g6 44.Kd5 Rd7+ 45.Kc6 Rd2 46.Rxa6 Rxf2 47.Rb6 Rd2 48.a6 Rd6+ 49.Kc5 Rd1
50.Rb5 Rd8 51.Kb6 {#r} 1-0

[Event "It"]
[Site "masterchessopen.com Seattle (USA)"]
[Round "7"]
[White "Orlov Georgi (USA)"]
[Black "Pupols Viktors (USA)"]
[Result "1-0"]
[WhiteElo "2479"]
[BlackElo "2155"]

1.d4 Nf6 2.c4 e6 3.Nf3 d5 4.g3 dxc4 5.Bg2 Be7 6.O-O O-O 7.Qc2 a6 8.Qxc4 b5
9.Qc2 Bb7 10.Bg5 Be4 11.Qc1 Nbd7 12.Nc3 Bb7 13.Rd1 Ne4 14.Bxe7 Qxe7 15.Nxe4
Bxe4 16.Qxc7 Rfc8 17.Qa5 Rc2 18.Rd2 Rc6 19.Rad1 Nf6 20.e3 Qc7 21.Qxc7 Rxc7
22.Ne1 Bxg2 23.Kxg2 Ne4 24.Rc2 Rxc2 25.Nxc2 Rc8 26.Ne1 Kf8 27.f3 Nd6 28.Kf2
Ke7 29.Ke2 Kd8 30.b3 b4 31.Kd2 Nb5 32.Nd3 a5 33.Rc1 Rxc1 34.Nxc1 Kc7 35.Kd3
Kc6 36.Ne2 Nc7 37.e4 Nb5 38.h4 Nd6 39.Nf4 Nb5 40.g4 Nc7 41.Kc4 Nb5 42.g5 Nd6+
43.Kd3 g6 44.Ng2 Ne8 45.Ne3 f5 46.d5+ exd5 47.exf5 Ng7 48.fxg6 hxg6 49.Kd4 Kd6
50.Nxd5 Nf5+ 51.Kc4 Nxh4 52.f4 Nf5 53.Nf6 Kc6 54.Ng4 Nd6+ 55.Kd3 Kd5 56.Ne5
Ne4 57.Nxg6 Nc5+ 58.Kd2 Ne6 59.Kd3 Nc5+ 60.Ke3 a4 61.bxa4 Nxa4 62.Ne5 Nc3
63.g6 Ke6 64.g7 Nd5+ 65.Kd4 Ne7 66.Kc5 Kf6 67.Nc6 Ng8 68.Kxb4 Kxg7 69.a4 Nf6
70.a5 Ne8 71.Kc5 Kf6 72.a6 Nc7 73.a7 Ke6 74.Nd4+ Kd7 75.Nb5 Na8 76.f5 Kc8
77.Kc6 {#r} 1-0